Statistics for Pokemon Evolutions 2

Click here to take the quiz!

General Stats

  • This quiz has been taken 20 times
  • The average score is 11 of 15

Answer Stats

BasicStage 1Stage 2% Correct
TurtwigGrotleTorterra
88%
AbraKadabraAlakazam
81%
BronzorBronzong
81%
MagikarpGyarados
81%
MagnemiteMagnetonMagnezone
75%
SnivyServineSerperior
75%
RaltsKirliaGardevoir/Gallade
69%
SnoruntGlalie/Glee
69%
DeinoZweilousHydreigon
63%
MareepFlaafyAmpharados
63%
SeedotNuzleafShiftry
63%
SentretFurrett
63%
SneaselWeavile
63%
VenonatVenomoth
63%
PurrloinLiepard
56%

Score Distribution

Percentile by Number Answered

Percent of People with Each Score

Your Score History

You have not taken this quiz